L’art de couper les cheveux en quatre (notice n° 2071402)
[ vue normale ]
| 000 -LEADER | |
|---|---|
| fixed length control field | 00649cam a2200229 4500500 |
| 005 - DATE AND TIME OF LATEST TRANSACTION | |
| control field | 20260405003839.0 |
| 041 ## - LANGUAGE CODE | |
| Language code of text/sound track or separate title | fre |
| 042 ## - AUTHENTICATION CODE | |
| Authentication code | dc |
| 100 10 - MAIN ENTRY--PERSONAL NAME | |
| Personal name | Lacroix, Alexandre |
| Relator term | author |
| 245 00 - TITLE STATEMENT | |
| Title | L’art de couper les cheveux en quatre |
| 260 ## - PUBLICATION, DISTRIBUTION, ETC. | |
| Date of publication, distribution, etc. | 2024.<br/> |
| 500 ## - GENERAL NOTE | |
| General note | 65 |
| 690 ## - LOCAL SUBJECT ADDED ENTRY--TOPICAL TERM (OCLC, RLIN) | |
| Topical term or geographic name as entry element | Alexandre Lacroix |
| 690 ## - LOCAL SUBJECT ADDED ENTRY--TOPICAL TERM (OCLC, RLIN) | |
| Topical term or geographic name as entry element | Arguments |
| 690 ## - LOCAL SUBJECT ADDED ENTRY--TOPICAL TERM (OCLC, RLIN) | |
| Topical term or geographic name as entry element | Juger |
| 690 ## - LOCAL SUBJECT ADDED ENTRY--TOPICAL TERM (OCLC, RLIN) | |
| Topical term or geographic name as entry element | Logique |
| 690 ## - LOCAL SUBJECT ADDED ENTRY--TOPICAL TERM (OCLC, RLIN) | |
| Topical term or geographic name as entry element | Opinion |
| 690 ## - LOCAL SUBJECT ADDED ENTRY--TOPICAL TERM (OCLC, RLIN) | |
| Topical term or geographic name as entry element | Raison |
| 690 ## - LOCAL SUBJECT ADDED ENTRY--TOPICAL TERM (OCLC, RLIN) | |
| Topical term or geographic name as entry element | Vérité |
| 786 0# - DATA SOURCE ENTRY | |
| Note | Philosophie magazine | 180 | 6 | 2024-06-01 | p. 28-30 | 1951-1787 |
| 856 41 - ELECTRONIC LOCATION AND ACCESS | |
| Uniform Resource Identifier | <a href="https://shs.cairn.info/magazine-philosophie-magazine-2024-6-page-28?lang=fr&redirect-ssocas=7080">https://shs.cairn.info/magazine-philosophie-magazine-2024-6-page-28?lang=fr&redirect-ssocas=7080</a> |
Pas d'exemplaire disponible.




Réseaux sociaux